[Event "FRA-chTB 9697"]
[Site "France"]
[Date "1997.??.??"]
[Round "2"]
[White "Herault, Stephanie"]
[Black "Otwinowska, Ania"]
[Result "1-0"]
[WhiteElo "1670"]
[BlackElo "1970"]
[PlyCount "33"]
[EventDate "1997.??.??"]
[EventType "team"]
[EventRounds "7"]
[EventCountry "FRA"]
[SourceTitle "EXT 1999"]
[Source "ChessBase"]
[SourceDate "1998.11.16"]
[SourceVersion "1"]
[SourceVersionDate "1998.11.16"]
[SourceQuality "1"]

1. e4 Nf6 2. e5 Nd5 3. Nc3 Nxc3 4. dxc3 d5 5. Nf3 Bg4 6. Be2 c5 7. h3 Bh5 8. e6 fxe6 9. 0-0 Nd7 10. Ng5 Bxe2 11. Qxe2 e5 12. Rd1 d4 13. cxd4 cxd4 14. c3 dxc3 15. Qf3 Qb6 16. Qf7+ Kd8 17. Ne6+ 1-0